000 00582nam a22001937a 4500
003 OSt
005 20260213032240.0
008 260213b |||||||| |||| 00| 0 eng d
020 _a971-08-6358-4
040 _aDWCL-Main Lib
_cOC
082 _aFil. 070.4 M251 2009
100 _aMalinao, Alito L.
245 _aJournalism for Filipinos
260 _aMandaluyong City :
_bNational Book Store,
_cc2009
300 _axxiii, 497 p. :
_bill. ;
_c 22 cm.
504 _aIncludes bibliographical references and index.
650 _aJournalism.
942 _2ddc
_cBK - FIL
_e3rd ed.
_mFil.
_n0
999 _c8402
_d8402